| 000 | 00812nam0a22002531 4500 | ||
|---|---|---|---|
| 001 | rc\238903 | ||
| 005 | 20250621004609.0 | ||
| 010 |
_a5-85168-044-Х _9500 |
||
| 035 | _a(NLR Aleph) 005482748 | ||
| 090 |
_a5134895 _c5134895 |
||
| 100 | _a20030307d1990 |||y0rusy50 ca | ||
| 101 | 0 | _arus | |
| 102 | _aRU | ||
| 105 | _aa ||||||||| | ||
| 200 | 1 |
_aАкустическая обработка залов кинотеатров _eУчеб. пособие _fЛенингр. ин-т киноинженеров |
|
| 210 |
_aЛ. _cЛИКИ _d1990 |
||
| 215 |
_a82, [3] с. _cил. _d20 |
||
| 320 | _aБиблиогр.: с. 84 (12 назв.) | ||
| 700 | 1 |
_aЩевьев _bЮ.П. _gЮрий Павлович |
|
| 801 | 0 |
_aRU _bNLR _gpsbo |
|
| 801 | 1 |
_aRU _bELAR _2rusmarc |
|
| 852 |
_aNLR _j90-4/1146 |
||
| 942 | _cBOOK | ||
| 980 | _aNB | ||